书目信息 |
| 题名: |
天山北坡绿洲城市空间扩展与生态环境效应研究
|
|
| 作者: | 陈学刚 , 魏疆 , 韩炜 著 | |
| 分册: | ||
| 出版信息: | 南京 东南大学出版社 2021.01 |
|
| 页数: | 255页 | |
| 开本: | 24cm | |
| 丛书名: | ||
| 单 册: | ||
| 中图分类: | TU984.245 , X321.245 | |
| 科图分类: | ||
| 主题词: | 绿洲--lv zhou--城市空间--研究--新疆 , 绿洲--lv zhou--城市环境--生态环境--研究--新疆 | |
| 电子资源: | ||
| ISBN: | 978-7-5641-9376-8 | |
| 000 | 01184nam0 2200301 450 | |
| 001 | CAL 0120217116060 | |
| 005 | 20210330142931.3 | |
| 010 | @a978-7-5641-9376-8@dCNY78.00 | |
| 100 | @a20210329d2021 em y0chiy0120 ea | |
| 101 | 0 | @achi |
| 102 | @aCN@b320000 | |
| 105 | @aa a 000yy | |
| 106 | @ar | |
| 200 | 1 | @a天山北坡绿洲城市空间扩展与生态环境效应研究@Atian shan bei po lv zhou cheng shi kong jian kuo zhan yu sheng tai huan jing xiao ying yan jiu@f陈学刚, 魏疆, 韩炜著 |
| 210 | @a南京@c东南大学出版社@d2021.01 | |
| 215 | @a255页@c图@d24cm | |
| 300 | @a国家自然科学基金项目资助 新疆师范大学校级文科基地丝绸之路经济带 城市发展研究中心招标课题资助 | |
| 320 | @a有书目 (第231-255页) | |
| 330 | @a本书拟运用“3S”技术、环境学和景观生态学理论, 问卷调查和统计分析等方法, 以天山北坡主要绿洲城市为研究对象开展如下研究。 | |
| 606 | 0 | @a绿洲@Alv zhou@x城市空间@x研究@y新疆 |
| 606 | 0 | @a绿洲@Alv zhou@x城市环境@x生态环境@x研究@y新疆 |
| 690 | @aTU984.245@v5 | |
| 690 | @aX321.245@v5 | |
| 701 | 0 | @a陈学刚@Achen xue gang@4著 |
| 701 | 0 | @a魏疆@Awei jiang@4著 |
| 701 | 0 | @a韩炜@Ahan wei@4著 |
| 801 | 0 | @aCN@b人天书店@c20210329 |
| 905 | @aTSG@b0000026@dTU984.245@eC601@f2 | |
| 天山北坡绿洲城市空间扩展与生态环境效应研究/陈学刚, 魏疆, 韩炜著.-南京:东南大学出版社,2021.01 |
| 255页:图;24cm |
| 国家自然科学基金项目资助 新疆师范大学校级文科基地丝绸之路经济带 城市发展研究中心招标课题资助 |
| ISBN 978-7-5641-9376-8:CNY78.00 |
| 本书拟运用“3S”技术、环境学和景观生态学理论, 问卷调查和统计分析等方法, 以天山北坡主要绿洲城市为研究对象开展如下研究。 |
| ● |
| 相关链接 |
|
|
|
正题名:天山北坡绿洲城市空间扩展与生态环境效应研
索取号:TU984.245/C601
 
预约/预借
| 序号 | 登录号 | 条形码 | 馆藏地/架位号 | 状态 | 备注 |
| 1 | 1529994 | 215299941 | 建筑库201/201建筑库 95排2列2层/ [索取号:TU984.245/C601] | 在馆 | |
| 2 | 1529995 | 215299950 | 建筑库201/201建筑库 95排2列2层/ [索取号:TU984.245/C601] | 在馆 |